|
|
|
|
| LEADER |
00000nam a22000007a 4500 |
| 005 |
20190930221143.0 |
| 007 |
cr|||| |||| |
| 008 |
190930s2019 es |||||s|||| 00||0 spa d |
| 020 |
|
|
|a 9786139408771
|
| 035 |
|
|
|a 25388
|
| 040 |
|
|
|a vLex
|
| 090 |
|
|
|c 9671
|d 9671
|
| 100 |
1 |
|
|a Aąsco Luna, Carlos Alberto
|
| 245 |
1 |
0 |
|a Maltrato Corporal Relevante y Trato Degradante Infantil
|h [Recurso electrn̤ico] /
|c Carlos Alberto Aąsco Luna, Jalin Simunovic, Jasna Silva
|
| 256 |
|
|
|a Servicio en ln̕ea
|
| 260 |
|
|
|a Madrid:
|b Editorial Acadm̌ica Espaǫla,
|c 2019
|
| 300 |
|
|
|a 1 recurso electrn̤ico
|
| 500 |
|
|
|a El presente estudio constituye una descripcin̤ general con finalidad de entregar pautas para posteriores investigaciones en la temt̀ica del maltrato relevante y trato degradante infantil, con enfoque en las dificultades de interpretacin̤ que se presentan producto de la redaccin̤ normativa. Una de las caracters̕ticas a destacar es el esfuerzo por complementar el sentido netamente jurd̕ico de las instituciones en estudio con el conocimiento otorgado por ciencias sociales afines, como sociologa̕ y psicologa̕.
|
| 506 |
1 |
|
|a Disponible solo en los productos indicados
|d vLex Global
|d vLex Global (Academic Edition, excluding Law Schools)
|d vLex Global (U.S. Academic Edition, Law Schools)
|d vLex Global (U.S. Academic Edition, excluding Law Schools)
|d vLex Global (Academic Edition, Law Schools)
|
| 650 |
0 |
4 |
|a Derecho Pb︢lico y Administrativo
|z Espaą
|
| 700 |
1 |
|
|a Simunovic, Jalin
|
| 700 |
1 |
|
|a Silva, Jasna
|
| 740 |
0 |
|
|a vLex Libros (Servicio en ln̕ea)
|
| 856 |
4 |
0 |
|u http://vlex.com/source/25388
|z Acceso restringido
|
| 942 |
|
|
|c BOOK
|
| 999 |
0 |
|
|a Public and Administrative Law
|